PDC World Series of Darts Finals - Statistiken

Allgemein
  • Dieses Quiz wurde 420 mal gespielt
    60 seit der letzten Aktualisierung
  • Das Durchschnittsergebnis liegt bei 10 aus 11
Antwortstatistiken
Jahr Nationalität Gewinner % Korrekt
2015 Niederlande Michael van Gerwen
98%
2016 Niederlande Michael van Gerwen
98%
2017 Niederlande Michael van Gerwen
98%
2019 Niederlande Michael van Gerwen
98%
2023 Niederlande Michael van Gerwen
98%
2025 Niederlande Michael van Gerwen
98%
2020 Wales Gerwyn Price
96%
2022 Wales Gerwyn Price
96%
2024 England Luke Littler
94%
2021 Wales Jonny Clayton
90%
2018 England James Wade
73%
Keine übereinstimmenden Quizze gefunden
Verteilung der Resultate
Anzahl Personen mit jedem Resultat
Perzentil nach korrekt beantworteten Fragen
Ihre Resultats-Entwicklung
Sie haben dieses Quiz seit der letzten Aktualisierung nicht gespielt